00410cam a22001097a 4500008003800000082001600038245009600054260004700150500003400197650003000231700003900261180718b-- xxu||||| |||| 00| 0 eng d aL906x5433 E aEpitome of CAG's reports on the government of Punjabcby Accountant General (Audit), Punjab aChandigarhbAccountant General (Audit)c-- aLibrary has 1999/2000-2004/05 aAuditing - India - Punjab aPunjab. Accountant General (Audit)